Opening of Tomsk "Sirius" by Japanese physicians; Томский политехник; Вып. 4

Библиографические подробности
Источник:Томский политехник: ежегодный журнал/ Томский политехнический университет (ТПУ), Ассоциация выпускников.— , 1995-
Вып. 4.— 1998.— [С. 146-147]
Главный автор: Potylitsyn A. P. Alexander Petrovich
Примечания:Заглавие с титульного листа
Электронная версия печатной публикации
Язык:английский
Опубликовано: 1998
Серии:Восточные партнеры
Предметы:
Online-ссылка:Цветная версия без потери качества
Формат: Электронный ресурс Статья
Запись в KOHA:https://koha.lib.tpu.ru/cgi-bin/koha/opac-detail.pl?biblionumber=189998

MARC

LEADER 00000nla2a2200000 4500
001 189998
005 20240216092924.0
035 |a (RuTPU)RU\TPU\book\206781 
035 |a RU\TPU\book\206762 
090 |a 189998 
100 |a 20110114d1998 km y0rusy50 ca 
101 1 |a eng 
102 |a RU 
135 |a drnn ---uucaa 
181 0 |a i  
182 0 |a b 
200 1 |a Opening of Tomsk "Sirius" by Japanese physicians  |f A. P. Potylitsyn 
203 |a Текст  |c электронный 
215 |a 1 файл (8.2 Мб) 
225 1 |a Восточные партнеры 
300 |a Заглавие с титульного листа 
300 |a Электронная версия печатной публикации 
337 |a Adobe Reader 
461 1 |0 (RuTPU)RU\TPU\book\202435  |t Томский политехник  |o ежегодный журнал  |f Томский политехнический университет (ТПУ), Ассоциация выпускников  |d 1995- 
463 1 |0 (RuTPU)RU\TPU\book\205930  |t Вып. 4  |v [С. 146-147]  |d 1998  |p 201 с. 
601 0 2 |a Томский политехнический университет (ТПУ)  |b Научно-исследовательский институт ядерной физики (НИИ ЯФ)  |c (1998- )  |2 stltpush  |3 (RuTPU)RU\TPU\col\581 
610 1 |a физики 
610 1 |a синхротроны 
610 1 |a СИРИУС 
610 1 |a эксперименты 
610 1 |a Япония 
610 1 |a электронный ресурс 
700 1 |a Potylitsyn  |b A. P.  |c Russian physicist  |c Professor of the TPU  |f 1945-  |g Alexander Petrovich  |3 (RuTPU)RU\TPU\pers\26306  |9 12068 
801 1 |a RU  |b 63413507  |c 20101101 
801 2 |a RU  |b 63413507  |c 20110217  |g RCR 
856 4 |u http://www.lib.tpu.ru/fulltext/v/Tomsk_polytechnic/1998/N4a55_full.pdf  |z Цветная версия без потери качества 
942 |c CF